Oxford dictionary of political quotations / (Record no. 15232)

MARC details
000 -LEADER
fixed length control field 00669cam a22002172 4500
001 - CONTROL NUMBER
control field 0000020322
005 - DATE AND TIME OF LATEST TRANSACTION
control field 20151217161159.0
008 - FIXED-LENGTH DATA ELEMENTS--GENERAL INFORMATION
fixed length control field 110912s xx 000 0 eng d
020 ## - INTERNATIONAL STANDARD BOOK NUMBER
International Standard Book Number 0192806165 :
040 ## - CATALOGING SOURCE
Original cataloging agency KABU
Transcribing agency KABU
245 10 - TITLE STATEMENT
Title Oxford dictionary of political quotations /
Statement of responsibility, etc. edited by Antony Jay.
250 ## - EDITION STATEMENT
Edition statement 3rd ed.
260 ## - PUBLICATION, DISTRIBUTION, ETC. (IMPRINT)
Place of publication, distribution, etc. Oxford :
Name of publisher, distributor, etc. O. U. P.,
Date of publication, distribution, etc. 2006.
300 ## - PHYSICAL DESCRIPTION
Extent xxii, 541 p.
650 #0 - SUBJECT ADDED ENTRY--TOPICAL TERM
Topical term or geographic name as entry element Political science
General subdivision Quotations.
-- 0000180503
650 #0 - SUBJECT ADDED ENTRY--TOPICAL TERM
Topical term or geographic name as entry element Politicians
General subdivision Quotations.
-- 0000180504
700 1# - ADDED ENTRY--PERSONAL NAME
Personal name Jay, Antony.
-- 0000180505
852 1# - LOCATION
-- p2660 KES
908 ## - PUT COMMAND PARAMETER (RLIN)
Put command parameter 110912
950 ## - LOCAL HOLDINGS (RLIN)
-- 1
Holdings
Withdrawn status Lost status Source of classification or shelving scheme Not for loan Home library Current library Date acquired Total Checkouts Full call number Barcode Date last seen Price effective from Koha item type
    Library of Congress Classification Not For Loan Kabarak, Main Campus Kabarak, Main Campus 17/12/2015   PN6084 .P6O94 2006 c. 1 21345 17/12/2015 17/12/2015 Reference
Designed with assistance from East African Informatics Ltd